00716nam a2200241 i 4500001000300000100002900003245003000032260004000062300002100102504001400123650003000137655001800167020001500185040000800200041000700208080001700215920001800232942000700250008004100257999001700298856009800315952006100413bg1 aBielecki, Jand(?-2001).10aAnsi C++ /cJan Bielecki. aWarszawa :b"Intersoftland",c1997. a315 s. ;c24 cm. aBibliogr. 9aC (język programowania) aPodręczniki a838686124X cBPK0 apl a004.438(07)C a83-86861-24-X cKS s pl f |000 0 pol  c39492d39492 uhttp://koha.tu.koszalin.pl/cgi-bin/koha/opac-detail.pl?biblionumber=39492yKatalog online BPK 00104070aBPKbBPKcwo58919p01554489s2013-11-20yKS